Plats avec des Oignons - Mort Subite - Statistiques

Statistiques générales
  • Ce quiz a été pris 155 fois
    130 depuis la dernière actualisation
  • Le résultat moyen est 6 sur 16
Answers on the Grid
Answers color-coded by a green-red scale on the quiz's grid according to % correct below.
Soupe à l'oignon gratinée
Moujaddara
Bœuf bourguignon
Liver and onions
Pissaladière
Tarte flambée / Flammekueche
Beignets d'oignon / Rondelles d'oignon
Pajeon
Salade grecque
Tigre qui pleure / Suea rong hai
Tartiflette
Kachumbari
Kottenbutter
Yassa
Guacamole
Lasagnes à la bolognaise
Yayla çorbası
Fårikål
Salade caprese
Salade Waldorf
Oreille de crisse
Oreilles d'âne
Jambon-beurre
Crevettes tempura
Fettuccine Alfredo
Rigatoni au pesto
Cacio e pepe
BLT
 
Statistiques - réponses
Réponse % Correct
Soupe à l'oignon gratinée
81%
Beignets d'oignon / Rondelles d'oignon
74%
Tartiflette
66%
Liver and onions
64%
Lasagnes à la bolognaise
61%
Tarte flambée / Flammekueche
59%
Bœuf bourguignon
56%
Pissaladière
46%
Salade grecque
42%
Guacamole
32%
Tigre qui pleure / Suea rong hai
29%
Yassa
23%
Moujaddara
5%
Pajeon
5%
Kottenbutter
4%
Kachumbari
3%
Aucun quiz correspondant
Distribution des résultats
% des personnes avec chaque résultat
Percentile par nombre de réponses
Votre historique - résultats
Vous n’avez pas pris ce quiz depuis la dernière actualisation